00405nam a22001457a 450000500170000000800410001704100080005808200230006610000120008924500580010126000520015930000080021150000250021950000150024420250424115549.0250424b |||||||| |||| 00| 0 eng d amar a891.46bSAG B22572 aSagat A a Marathi Shahiri Vangmay Parampara ani Annabhau Sathe aPunebBharatiya Vichar Sadhana Prakashan c2011 a95p aMarathi Literature  aLiterature